Premier League Players By Letter - R - Statistics

General Stats
  • This quiz has been taken 315 times
  • The average score is 13 of 24
Answer Stats
First Name Surname Club % Correct
Aaron Ramsey Arsenal
88%
Wayne Rooney Manchester United
88%
Micah Richards Aston Villa
83%
Loïc Rémy Chelsea
81%
Danny Rose Tottenham Hotspur
78%
Marcos Rojo Manchester United
73%
Oriol Romeu Southampton
71%
Sergio Romero Manchester United
70%
Tomas Rosicky Arsenal
69%
- Ramires Chelsea
65%
Gaston Ramirez Southampton
65%
Jay Rodriguez Southampton
63%
Winston Reid West Ham
57%
Angel Rangel Swansea City
53%
Wayne Routledge Swansea City
47%
Jack Rodwell Sunderland
46%
Nathan Redmond Norwich City
45%
Patrick Roberts Manchester City
43%
Kieran Richardson Aston Villa
40%
John Ruddy Norwich City
38%
Matthew Ritchie Bournemouth
20%
José Rondon West Bromwich
20%
Emmanuel Rivière Newcastle United
17%
Tokelo Rantie Bournemouth
7%
No matching quizzes found
Score Distribution
Percent of People with Each Score
Percentile by Number Answered
Your Score History
You have not taken this quiz